WWII Quiz - Statistics

General Stats
  • This quiz has been taken 217 times
  • The average score is 5 of 15
Answer Stats
Hint Answer % Correct
Japan's Emperor during the war Hirohito
85%
Codename for the US project to develop an atomic bomb Manhattan Project
82%
Nazi head of Propaganda Joseph Goebbels
80%
Biggest Tank Battle in history Battle of Kursk
54%
Feared german Divebomber equipped with so called "Jericho Trumpets" JU-87 Stuka
42%
Machine gun called "Hitler's buzzsaw" MG-42
32%
German anti tank weapon Panzerfaust
22%
Nicknamed by the allies as the "Buzz Bomb" V1
21%
Name of Hitler's dog Blondi
19%
British bomber built in wood Mosquito
18%
Highly Inaccurate soviet rocket artillery Katyusha
15%
Codename "Operation Iceberg" Battle of Okinawa
12%
Second highest grade within the Waffen-SS Obergruppenfuhrer
4%
The fastest armoured veichle of the war, capable of speeds up to about 100 kmh/60mph M18 Hellcat
3%
Biggest battle of the war and one of the biggest battles recorded in human history Battle of the Dnieper
2%
No matching quizzes found
Score Distribution
Percent of People with Each Score
Percentile by Number Answered
Your Score History
You have not taken this quiz